[Event "Hamburg-chT Landesliga 1819"]
[Site "Hamburg"]
[Date "2019.02.24"]
[Round "7.8"]
[White "Kohtz, Andreas"]
[Black "Reichhardt, Philip"]
[Result "0-1"]
[WhiteElo "1964"]
[BlackElo "2028"]
[PlyCount "76"]
[EventDate "2018.10.21"]
[EventType "team-tourn"]
[EventRounds "9"]
[EventCountry "GER"]
[SourceTitle "EXT 2020"]
[Source "ChessBase"]
[SourceDate "2019.10.17"]
[SourceVersion "1"]
[SourceVersionDate "2019.10.17"]
[SourceQuality "1"]
[WhiteTeam "St Pauli III"]
[BlackTeam "Fischbek"]
[WhiteTeamCountry "GER"]
[BlackTeamCountry "GER"]

1. d4 d5 2. Bf4 Nf6 3. e3 e6 4. Nd2 Bd6 5. Bg3 0-0 6. Bd3 c5 7. c3 Nc6 8. Ngf3 Re8 9. Ne5 Qc7 10. f4 cxd4 11. exd4 Ne7 12. 0-0 Nf5 13. Bf2 g6 14. g4 Ng7 15. Bh4 Nd7 16. Qf3 Be7 17. Bxe7 Rxe7 18. f5 Nxe5 19. dxe5 Qc5+ 20. Kh1 exf5 21. gxf5 Nxf5 22. Rae1 Be6 23. Qf4 Rd7 24. Rf3 Qe7 25. Rg1 Kh8 26. Rh3 Rg8 27. Nf3 Rg7 28. Ng5 Rd8 29. Rg4 d4 30. Nxh7 Rxh7 31. Rxh7+ Kxh7 32. Bxf5 Bxf5 33. Rh4+ Kg8 34. e6 Qxe6 35. cxd4 Qe1+ 36. Kg2 Rc8 37. Qh6 Rc2+ 38. Kf3 Rf2+ 0-1

[Event "Prague op 16th"]
[Site "Prague"]
[Date "2017.01.20"]
[Round "9"]
[White "Kohtz, Andreas"]
[Black "Jascenko, Olga"]
[Result "1/2-1/2"]
[WhiteElo "1925"]
[BlackElo "2156"]
[PlyCount "74"]
[EventDate "2017.01.13"]
[EventType "swiss"]
[EventRounds "9"]
[EventCountry "CZE"]
[SourceTitle "CBM 176 Extra"]
[Source "ChessBase"]
[SourceDate "2017.03.02"]
[SourceVersion "1"]
[SourceVersionDate "2017.03.02"]
[SourceQuality "1"]

1. d4 Nf6 2. Bf4 e6 3. e3 c5 4. c3 Nc6 5. Nd2 d5 6. Bd3 cxd4 7. exd4 Bd6 8. Bxd6 Qxd6 9. Ngf3 0-0 10. 0-0 Bd7 11. Re1 Rfc8 12. Ne5 Be8 13. f4 Nd7 14. Qe2 Nf8 15. f5 exf5 16. Bxf5 Rc7 17. Nxc6 Bxc6 18. Qe5 Rd8 19. Nf1 Bb5 20. Qxd6 Rxd6 21. Ne3 g6 22. Bg4 Nd7 23. Be2 Bxe2 24. Rxe2 Nb6 25. g3 Re6 26. Rae1 Re4 27. Kf1 f5 28. Nd1 Rce7 29. Nf2 Rxe2 30. Rxe2 Rxe2 31. Kxe2 Kf7 32. Nd3 Nc8 33. b3 g5 34. c4 dxc4 35. bxc4 Nd6 36. Ne5+ Ke6 37. Kd3 Ne4 1/2-1/2

[Event "Prague op 16th"]
[Site "Prague"]
[Date "2017.01.13"]
[Round "1"]
[White "Woloch, Oskar"]
[Black "Kohtz, Andreas"]
[Result "1-0"]
[WhiteElo "2232"]
[BlackElo "1925"]
[PlyCount "79"]
[EventDate "2017.01.13"]
[EventType "swiss"]
[EventRounds "9"]
[EventCountry "CZE"]
[SourceTitle "CBM 176 Extra"]
[Source "ChessBase"]
[SourceDate "2017.03.02"]
[SourceVersion "1"]
[SourceVersionDate "2017.03.02"]
[SourceQuality "1"]

1. d4 Nf6 2. Nc3 d5 3. Bf4 e6 4. e3 c5 5. Nb5 Na6 6. c3 Be7 7. h3 0-0 8. Nf3 Bd7 9. a4 Bc6 10. Ne5 c4 11. Na3 Ne4 12. Be2 f6 13. Nxc6 bxc6 14. f3 Nd6 15. b3 Qa5 16. b4 Qd8 17. 0-0 f5 18. b5 cxb5 19. Nxb5 Nxb5 20. axb5 Nc7 21. Bxc7 Qxc7 22. Ra6 Rfb8 23. Rc6 Qb7 24. Qa4 Kf7 25. Bxc4 dxc4 26. Qxc4 Qxb5 27. Qxe6+ Kf8 28. c4 Qa5 29. c5 Rb2 30. Qxf5+ Bf6 31. Rxf6+ gxf6 32. Qxf6+ Kg8 33. Qg5+ Kf8 34. Qf5+ Kg7 35. Qe5+ Kg6 36. Qe4+ Kg7 37. Qxa8 Qd2 38. f4 a5 39. Qe4 Rb3 40. Qe7+ 1-0

[Event "Hradec Kralove op"]
[Site "Hradec Kralove"]
[Date "2014.10.21"]
[Round "4"]
[White "Kohtz, Andreas"]
[Black "Yakimenko, Alexander A"]
[Result "1/2-1/2"]
[WhiteElo "1995"]
[BlackElo "2159"]
[PlyCount "92"]
[EventDate "2014.10.18"]
[EventType "swiss"]
[EventRounds "9"]
[EventCountry "CZE"]
[SourceTitle "EXT 2015"]
[Source "ChessBase"]
[SourceDate "2014.11.20"]
[SourceVersion "1"]
[SourceVersionDate "2014.11.20"]
[SourceQuality "1"]

1. d4 e6 2. Nf3 Nf6 3. Bf4 Nh5 4. Bd2 f5 5. c4 Be7 6. Nc3 d5 7. g3 c6 8. Bg2 0-0 9. 0-0 Nd7 10. Ne5 Nxe5 11. dxe5 g6 12. Bh6 Re8 13. e3 Ng7 14. Qe2 Bd7 15. Rfd1 Qc7 16. f4 Red8 17. cxd5 cxd5 18. Bxd5 Qb6 19. Bb3 Be8 20. Rxd8 Rxd8 21. Rd1 Rxd1+ 22. Nxd1 Bf7 23. Kf2 Ne8 24. h4 Nc7 25. Bg5 Bc5 26. Nc3 Nd5 27. Nxd5 exd5 28. Qd3 Qc6 29. h5 Be6 30. hxg6 hxg6 31. Ke2 a5 32. a3 b5 33. g4 a4 34. gxf5 gxf5 35. Ba2 b4 36. axb4 Bxb4 37. Bf6 Qc1 38. Qb1 Qd2+ 39. Kf3 Kf8 40. Qg1 Bf7 41. Qg7+ Ke8 42. Qh8+ Bf8 43. Bg7 Qd1+ 44. Kf2 Qd2+ 45. Kf3 Qd1+ 46. Kf2 Qd2+ 1/2-1/2

[Event "Hradec Kralove op"]
[Site "Hradec Kralove"]
[Date "2014.10.20"]
[Round "3"]
[White "Skorna, Ullrich"]
[Black "Kohtz, Andreas"]
[Result "0-1"]
[WhiteElo "2153"]
[BlackElo "1995"]
[PlyCount "86"]
[EventDate "2014.10.18"]
[EventType "swiss"]
[EventRounds "9"]
[EventCountry "CZE"]
[SourceTitle "EXT 2015"]
[Source "ChessBase"]
[SourceDate "2014.11.20"]
[SourceVersion "1"]
[SourceVersionDate "2014.11.20"]
[SourceQuality "1"]

1. e4 Nf6 2. e5 Nd5 3. c4 Nb6 4. a4 a5 5. c5 Nd5 6. Nc3 e6 7. d4 d6 8. cxd6 cxd6 9. Nf3 Nc6 10. Bb5 Bd7 11. 0-0 dxe5 12. Nxd5 exd5 13. dxe5 Nb4 14. e6 fxe6 15. Ne5 Bxb5 16. Qh5+ g6 17. Nxg6 hxg6 18. Qxh8 Bxf1 19. Bh6 Qe7 20. Rxf1 0-0-0 21. Bf4 Nc6 22. Qh3 g5 23. Bd2 Bg7 24. Rc1 Kd7 25. Qd3 Bxb2 26. Rb1 Be5 27. Rxb7+ Bc7 28. Qb5 Rb8 29. Rxb8 Bxb8 30. Bxa5 Qd6 31. g3 d4 32. Bd2 g4 33. Qe2 Ne5 34. Qb5+ Qc6 35. Qb4 Bd6 36. Qb2 Nf3+ 37. Kf1 Nxh2+ 38. Ke2 Qc4+ 39. Kd1 Qxa4+ 40. Ke2 Qc4+ 41. Kd1 Qf1+ 42. Kc2 d3+ 43. Kb3 Qd1+ 0-1

[Event "Plzen op 5th"]
[Site "Plzen"]
[Date "2013.11.26"]
[Round "3"]
[White "Kohtz, Andreas"]
[Black "Bartos, Jan"]
[Result "1/2-1/2"]
[WhiteElo "2046"]
[BlackElo "2259"]
[PlyCount "104"]
[EventDate "2013.11.24"]
[EventType "swiss"]
[EventRounds "7"]
[EventCountry "CZE"]
[SourceTitle "CBM 157 Extra"]
[Source "ChessBase"]
[SourceDate "2013.12.19"]
[SourceVersion "1"]
[SourceVersionDate "2013.12.19"]
[SourceQuality "1"]

1. d4 d5 2. Nf3 Nf6 3. Bf4 c5 4. c3 Qb6 5. Qb3 Nc6 6. e3 c4 7. Qc2 Bf5 8. Qc1 e6 9. h3 h6 10. Nbd2 Be7 11. Be2 0-0 12. 0-0 Rfc8 13. Bd1 Qd8 14. Bc2 b5 15. Qb1 Bxc2 16. Qxc2 b4 17. e4 bxc3 18. bxc3 dxe4 19. Nxe4 Nd5 20. Bd2 Qa5 21. Rab1 Rab8 22. Rxb8 Rxb8 23. Rb1 Rxb1+ 24. Qxb1 Qb6 25. Qc2 Qb5 26. Bc1 Nb6 27. Qb2 Qxb2 28. Bxb2 Na4 29. Ba1 Ba3 30. Ned2 Na5 31. Ne5 Nb6 32. Kf1 f6 33. Ng4 Kf7 34. Ke2 Ke7 35. Ne3 Kd7 36. Nc2 Bd6 37. Kd1 Nd5 38. Ne3 Nxe3+ 39. fxe3 f5 40. e4 fxe4 41. Nxe4 Kc6 42. Bb2 Kd5 43. Nd2 Nc6 44. Ke2 e5 45. dxe5 Nxe5 46. Nf1 Bc5 47. Bc1 h5 48. Be3 Bxe3 49. Kxe3 Nd3 50. Ng3 g6 51. Ne2 Ke5 52. g3 g5 1/2-1/2

[Event "Hamburg St Pauli op-A"]
[Site "Hamburg"]
[Date "2013.07.14"]
[Round "9"]
[White "Kohtz, Andreas"]
[Black "Schulz, Hans Juergen"]
[Result "1/2-1/2"]
[WhiteElo "2042"]
[BlackElo "1961"]
[PlyCount "42"]
[EventDate "2013.07.06"]
[EventType "swiss"]
[EventRounds "9"]
[EventCountry "GER"]
[SourceTitle "CBM 155 Extra"]
[Source "ChessBase"]
[SourceDate "2013.08.26"]
[SourceVersion "1"]
[SourceVersionDate "2013.08.26"]
[SourceQuality "1"]

1. d4 d5 2. Nf3 c5 3. c3 Nc6 4. Bf4 Bf5 5. e3 e6 6. Nbd2 Nf6 7. Qb3 Qc8 8. h3 Nd7 9. c4 cxd4 10. exd4 Be4 11. c5 Be7 12. Be2 0-0 13. 0-0 Kh8 14. Qc3 f6 15. b4 e5 16. Bg3 Bxf3 17. Nxf3 e4 18. b5 Nd8 19. Nd2 f5 20. f3 f4 21. fxe4 fxg3 1/2-1/2

[Event "Hamburg St Pauli op-A"]
[Site "Hamburg"]
[Date "2013.07.09"]
[Round "4"]
[White "Plump, Detlef"]
[Black "Kohtz, Andreas"]
[Result "1-0"]
[WhiteElo "2230"]
[BlackElo "2042"]
[PlyCount "83"]
[EventDate "2013.07.06"]
[EventType "swiss"]
[EventRounds "9"]
[EventCountry "GER"]
[SourceTitle "CBM 155 Extra"]
[Source "ChessBase"]
[SourceDate "2013.08.26"]
[SourceVersion "1"]
[SourceVersionDate "2013.08.26"]
[SourceQuality "1"]

1. e4 Nf6 2. e5 Nd5 3. c4 Nb6 4. d4 d6 5. exd6 cxd6 6. Nc3 g6 7. h3 Bg7 8. Nf3 0-0 9. Be3 Nc6 10. Rc1 f5 11. d5 Ne5 12. Nxe5 Bxe5 13. Bd4 Bxd4 14. Qxd4 e5 15. dxe6 Bxe6 16. Be2 Rc8 17. b3 Qg5 18. 0-0 f4 19. Ne4 Qe5 20. Rfd1 Qxd4 21. Rxd4 d5 22. Nd6 Rc7 23. Nb5 Re7 24. c5 Nd7 25. Bf3 Ne5 26. Bxd5 Bxd5 27. Rxd5 a6 28. Nd6 f3 29. Re1 Nc6 30. Rxe7 Nxe7 31. Rd3 Nc6 32. Nxb7 fxg2 33. Kxg2 Nb4 34. Rd2 Rf7 35. Nd6 Re7 36. a3 Nc6 37. b4 Re1 38. Nc4 Rc1 39. Ne3 a5 40. b5 Ne5 41. c6 Nc4 42. Nxc4 1-0

[Event "Hamburg-ch MA"]
[Site "Hamburg"]
[Date "2013.05.24"]
[Round "7"]
[White "Kohtz, Andreas"]
[Black "Wenzel, Birger"]
[Result "0-1"]
[WhiteElo "2065"]
[BlackElo "2110"]
[PlyCount "108"]
[EventDate "2013.05.18"]
[EventType "swiss"]
[EventRounds "9"]
[EventCountry "GER"]
[SourceTitle "EXT 2022"]
[Source "ChessBase"]
[SourceDate "2021.10.06"]
[SourceVersion "1"]
[SourceVersionDate "2021.10.06"]
[SourceQuality "1"]

1. d4 Nf6 2. Nf3 e6 3. Bf4 c5 4. c3 cxd4 5. cxd4 b5 6. e3 a6 7. Bd3 Be7 8. Nbd2 Nc6 9. h3 Nb4 10. Bb1 0-0 11. 0-0 Bb7 12. a3 Nbd5 13. Bh2 Nb6 14. Bc2 Rc8 15. Rc1 d6 16. Qe2 Qd7 17. e4 h6 18. e5 dxe5 19. dxe5 Nfd5 20. Qd3 g6 21. Ne4 Nc4 22. Qd4 Rfd8 23. Rfd1 Qe8 24. Nd6 Nxd6 25. exd6 Bxd6 26. Ne5 Bf8 27. Qg4 Nf6 28. Qf4 Bg7 29. Bb3 Bd5 30. Bxd5 Nxd5 31. Qe4 Rxc1 32. Rxc1 Rc8 33. Rd1 a5 34. g4 b4 35. axb4 axb4 36. Nc4 Qc6 37. b3 Qa6 38. Be5 Qa2 39. Qf3 Bxe5 40. Nxe5 Rc7 41. Nc4 Ra7 42. Qg3 Ra8 43. Qf3 Qc2 44. Ne5 Ra7 45. h4 Qc3 46. Qe2 Kg7 47. Rd3 Nf4 48. Qe3 Ra1+ 49. Kh2 Nxd3 50. Nxd3 Rd1 51. Nc5 Qxe3 52. fxe3 Re1 53. e4 Re3 54. Kg2 Rc3 0-1

[Event "Hamburg-ch MA"]
[Site "Hamburg"]
[Date "2013.05.23"]
[Round "6"]
[White "Weiss, Siegfried"]
[Black "Kohtz, Andreas"]
[Result "1-0"]
[WhiteElo "2063"]
[BlackElo "2065"]
[PlyCount "141"]
[EventDate "2013.05.18"]
[EventType "swiss"]
[EventRounds "9"]
[EventCountry "GER"]
[SourceTitle "EXT 2022"]
[Source "ChessBase"]
[SourceDate "2021.10.06"]
[SourceVersion "1"]
[SourceVersionDate "2021.10.06"]
[SourceQuality "1"]

1. Nf3 Nf6 2. g3 g6 3. Bg2 Bg7 4. d3 d5 5. 0-0 0-0 6. Nbd2 c5 7. e4 Nc6 8. Re1 e5 9. c3 Bg4 10. h3 Bd7 11. exd5 Nxd5 12. Nc4 Re8 13. a4 Qc7 14. Qb3 Nb6 15. Ng5 Nxc4 16. Qxc4 Nd8 17. Qh4 h6 18. Ne4 g5 19. Qh5 Bf5 20. Qf3 Bg6 21. g4 Qe7 22. Be3 Ne6 23. Ng3 Nf4 24. Bxf4 gxf4 25. Nf5 Qd7 26. Qxb7 Bxf5 27. gxf5 Qxf5 28. Qe4 Qe6 29. Qc4 Rad8 30. Qxe6 Rxe6 31. Be4 Rb6 32. Re2 Rdb8 33. Rb1 Kf8 34. Bd5 f5 35. Bc4 Re8 36. a5 Rg6+ 37. Kf1 e4 38. dxe4 fxe4 39. Rbe1 e3 40. fxe3 Rg3 41. exf4 Rxe2 42. Rxe2 Rf3+ 43. Rf2 Rxh3 44. Kg2 Re3 45. Re2 Rxe2+ 46. Bxe2 Ke7 47. Kf3 Kd6 48. Ke4 Bf6 49. Kf5 Ke7 50. Kg6 Bh4 51. Kxh6 Kf6 52. Kh5 Be1 53. Kg4 Bd2 54. a6 Bc1 55. b3 Bd2 56. c4 Ba5 57. Bd3 Bc3 58. Kf3 Ke6 59. Be4 Kf6 60. Bd5 Kf5 61. Be4+ Kf6 62. Bb7 Kf5 63. Bc8+ Kf6 64. Ke4 Ba5 65. Kd5 Bb6 66. Kd6 Kg6 67. Bg4 Kf6 68. Bc8 Kg6 69. Ke6 Bd8 70. Kd6 Bb6 71. Ke7 1-0

[Event "Hamburg-ch MA"]
[Site "Hamburg"]
[Date "2013.05.19"]
[Round "2"]
[White "Schroeder, Christoph"]
[Black "Kohtz, Andreas"]
[Result "1/2-1/2"]
[WhiteElo "2202"]
[BlackElo "2065"]
[PlyCount "99"]
[EventDate "2013.05.18"]
[EventType "swiss"]
[EventRounds "9"]
[EventCountry "GER"]
[SourceTitle "EXT 2022"]
[Source "ChessBase"]
[SourceDate "2021.10.06"]
[SourceVersion "1"]
[SourceVersionDate "2021.10.06"]
[SourceQuality "1"]

1. e4 Nf6 2. Nc3 d5 3. e5 d4 4. exf6 dxc3 5. fxg7 cxd2+ 6. Bxd2 Bxg7 7. Qf3 Qd6 8. Bc4 0-0 9. 0-0-0 Qd4 10. Qb3 Qb6 11. Qxb6 axb6 12. a3 Nc6 13. Ne2 Ne5 14. Bb3 c5 15. Bc3 Nc6 16. Bxg7 Kxg7 17. Rhe1 Rd8 18. Rxd8 Nxd8 19. Nc3 e6 20. Rd1 Nc6 21. Nb5 Kf6 22. Rd3 Ne5 23. Rd8 Ra5 24. f4 Nc6 25. Rxc8 Rxb5 26. Ba4 Ne7 27. Rb8 Ra5 28. Bb3 Ra7 29. c3 Nc6 30. Rh8 Kg7 31. Rc8 b5 32. Rc7 Kf6 33. Bc2 b4 34. Bxh7 bxa3 35. bxa3 Rxa3 36. Kb2 Ra7 37. Be4 Ra4 38. Bxc6 bxc6 39. g3 Re4 40. Kb3 Re2 41. Rxc6 Rxh2 42. Rxc5 Rg2 43. Rg5 e5 44. Rxe5 Rxg3 45. Kc4 Rf3 46. Re4 Kf5 47. Rd4 Rxf4 48. Rxf4+ Kxf4 49. Kd4 f5 50. c4 1/2-1/2

[Event "Dubai op 15th"]
[Site "Dubai"]
[Date "2013.04.07"]
[Round "1"]
[White "Parligras, Mircea Emilian"]
[Black "Kohtz, Andreas"]
[Result "1-0"]
[WhiteElo "2602"]
[BlackElo "2068"]
[PlyCount "123"]
[EventDate "2013.04.07"]
[EventType "swiss"]
[EventRounds "9"]
[EventCountry "UAE"]
[SourceTitle "CBM 153 Extra"]
[Source "ChessBase"]
[SourceDate "2013.04.22"]
[SourceVersion "1"]
[SourceVersionDate "2013.04.22"]
[SourceQuality "1"]

1. d4 Nf6 2. c4 g6 3. Nc3 Bg7 4. e4 d6 5. f3 0-0 6. Be3 e5 7. Nge2 exd4 8. Nxd4 Nc6 9. Qd2 Re8 10. Be2 Nh5 11. Nb3 a5 12. a4 Be6 13. g4 Nf6 14. Nd4 Nxd4 15. Bxd4 Nd7 16. 0-0-0 Bxd4 17. Qxd4 Qf6 18. Qd2 Nc5 19. Kc2 Na6 20. h4 Nb4+ 21. Kb1 Rad8 22. f4 Bd7 23. Bf3 Bc6 24. g5 Qe6 25. b3 f5 26. gxf6 Qxf6 27. h5 Rd7 28. hxg6 hxg6 29. Rdg1 Rg7 30. Rg4 Bd7 31. Rg5 Kf7 32. Rhg1 Ke7 33. Rxa5 c5 34. Ra7 Bc6 35. Kb2 Kf8 36. Rd1 Bxe4 37. Bxe4 Rxe4 38. Qxd6+ Qxd6 39. Rxd6 Rxf4 40. Rd8+ Ke7 41. Rd2 Ke6 42. a5 Nc6 43. Ra8 Nb4 44. Re8+ Kf6 45. Ne4+ Kf7 46. Nd6+ Kf6 47. Ne4+ Kf7 48. Re5 Nc6 49. Ng5+ Kf6 50. Rxc5 Ne5 51. Rd6+ Kf5 52. Ne6 Rf2+ 53. Ka3 Re7 54. Nd4+ Kg4 55. Rb5 g5 56. Re6 Rxe6 57. Nxe6 Re2 58. Nd8 Re3 59. Ka4 Kf3 60. Rxb7 Rd3 61. Nf7 Nd7 62. Rxd7 1-0

[Event "Vienna Husek op-A"]
[Site "Vienna"]
[Date "2012.08.18"]
[Round "6"]
[White "Kohtz, Andreas"]
[Black "Kottisch, Gustav"]
[Result "1-0"]
[WhiteElo "2074"]
[BlackElo "1936"]
[PlyCount "57"]
[EventDate "2012.08.13"]
[EventType "swiss"]
[EventRounds "7"]
[EventCountry "AUT"]
[SourceTitle "EXT 2014"]
[Source "ChessBase"]
[SourceDate "2013.11.20"]
[SourceVersion "1"]
[SourceVersionDate "2013.11.20"]
[SourceQuality "1"]

1. d4 g6 2. Nf3 Bg7 3. c3 d6 4. Bf4 Nf6 5. h3 0-0 6. e3 Nbd7 7. Be2 Re8 8. 0-0 c5 9. a4 b6 10. Nbd2 e5 11. dxe5 dxe5 12. Bg3 Bb7 13. Nc4 Ne4 14. Nd6 Nxd6 15. Qxd6 Re6 16. Qd2 e4 17. Rfd1 Re8 18. Qxd7 Qxd7 19. Rxd7 exf3 20. Bc4 Bc6 21. Bxf7+ Kh8 22. Bxe8 Rxe8 23. Rc7 Be4 24. Rd1 Bf5 25. Rxa7 fxg2 26. Kxg2 Bf8 27. Bh4 Kg8 28. Rd8 Rxd8 29. Bxd8 1-0

[Event "Vienna Husek op-A"]
[Site "Vienna"]
[Date "2012.08.15"]
[Round "3"]
[White "Lechner, Marcus"]
[Black "Kohtz, Andreas"]
[Result "0-1"]
[WhiteElo "1949"]
[BlackElo "2074"]
[PlyCount "58"]
[EventDate "2012.08.13"]
[EventType "swiss"]
[EventRounds "7"]
[EventCountry "AUT"]
[SourceTitle "EXT 2014"]
[Source "ChessBase"]
[SourceDate "2013.11.20"]
[SourceVersion "1"]
[SourceVersionDate "2013.11.20"]
[SourceQuality "1"]

1. e4 Nf6 2. e5 Nd5 3. d4 d6 4. Nf3 dxe5 5. Nxe5 g6 6. c4 Nb6 7. Nc3 Bg7 8. f4 c6 9. Be3 Be6 10. Qb3 0-0 11. 0-0-0 N8d7 12. Be2 f6 13. Nxd7 Qxd7 14. Ne4 Bf7 15. g4 Qc7 16. Ng3 Nd7 17. Qc2 Rac8 18. f5 e5 19. fxg6 Bxg6 20. Nf5 Rfe8 21. Bd3 Nf8 22. Kb1 exd4 23. Bxd4 Rcd8 24. Nxg7 Qxg7 25. Be3 Rxd3 26. Rxd3 Ne6 27. Qd2 Qd7 28. Ka1 Qxd3 29. Qe1 Kf7 0-1

[Event "Hamburg St Pauli op-A"]
[Site "Hamburg"]
[Date "2010.07.13"]
[Round "4"]
[White "Kohtz, Andreas"]
[Black "Zimpel, Norbert"]
[Result "1-0"]
[WhiteElo "2072"]
[BlackElo "1964"]
[PlyCount "135"]
[EventDate "2010.07.10"]
[EventType "swiss"]
[EventRounds "9"]
[EventCountry "GER"]
[SourceTitle "EXT 2013"]
[Source "ChessBase"]
[SourceDate "2012.11.22"]
[SourceVersion "1"]
[SourceVersionDate "2012.11.22"]
[SourceQuality "1"]

1. d4 Nf6 2. Nf3 g6 3. Bf4 Bg7 4. e3 0-0 5. Nbd2 d6 6. h3 Nc6 7. Be2 Nd7 8. c3 h6 9. Qc2 e5 10. Bh2 a6 11. 0-0 f5 12. dxe5 Ndxe5 13. Nd4 Kh8 14. Rfd1 Qe7 15. Nc4 Bd7 16. Rd2 Rae8 17. Rad1 Nxc4 18. Bxc4 Ne5 19. Be2 Qf7 20. c4 Bc8 21. b4 Re7 22. c5 dxc5 23. bxc5 c6 24. Nb3 Rd7 25. Na5 Rfd8 26. Rxd7 Rxd7 27. Rxd7 Qxd7 28. Nc4 Nxc4 29. Bxc4 Bf6 30. Bd6 b5 31. Bd3 Qf7 32. e4 Qe6 33. Qe2 Kg7 34. e5 Bd8 35. Qb2 Kf7 36. Bc2 Qe8 37. Qd4 Be6 38. h4 g5 39. h5 Kg8 40. g4 f4 41. Qe4 Qf7 42. Qxc6 f3 43. Qe4 Bxa2 44. Qg6+ Qxg6 45. Bxg6 b4 46. Be4 Be6 47. c6 b3 48. c7 Bxc7 49. Bxc7 b2 50. Bb1 Kf7 51. Bg6+ Ke7 52. Bb1 Kf7 53. Bd6 Bxg4 54. Ba2+ Be6 55. Bb1 Bg4 56. Ba3 Bxh5 57. Ba2+ Kg7 58. Bxb2 Be8 59. Bc3 Kg6 60. Bc4 h5 61. Bxa6 h4 62. Bc8 Kf7 63. Bd2 Kg6 64. Kh2 Bc6 65. e6 Kf6 66. Bd7 Be4 67. Bxg5+ Kxg5 68. e7 1-0

[Event "Berlin Lichtenberger op 5th"]
[Site "Berlin"]
[Date "2006.08.25"]
[Round "7"]
[White "Sawatzki, Joerg"]
[Black "Kohtz, Andreas"]
[Result "1/2-1/2"]
[WhiteElo "2260"]
[BlackElo "2094"]
[PlyCount "35"]
[EventDate "2006.08.19"]
[EventType "swiss"]
[EventRounds "9"]
[EventCountry "GER"]
[SourceTitle "CBM 113 Extra"]
[Source "ChessBase"]
[SourceDate "2006.09.14"]
[SourceVersion "1"]
[SourceVersionDate "2006.09.14"]
[SourceQuality "1"]

1. c4 Nf6 2. Nc3 c5 3. Nf3 d5 4. cxd5 Nxd5 5. g3 Nc6 6. Nxd5 Qxd5 7. Bg2 e5 8. d3 Be7 9. Be3 Qd8 10. 0-0 Bd7 11. Rc1 b6 12. Bd2 0-0 13. Bc3 f6 14. Qd2 Rc8 15. b3 Nd4 16. e3 Nxf3+ 17. Bxf3 Bf5 18. d4 1/2-1/2

[Event "Berlin op 08"]
[Site "Berlin"]
[Date "2006.08.19"]
[Round "1"]
[White "Schalck, Christiano"]
[Black "Kohtz, Andreas"]
[Result "0-1"]
[WhiteElo "1677"]
[BlackElo "2011"]
[PlyCount "58"]
[EventDate "2006.08.19"]
[EventType "swiss"]
[EventRounds "9"]
[EventCountry "GER"]
[SourceTitle "EXT 2007"]
[Source "ChessBase"]
[SourceDate "2006.11.23"]
[SourceVersion "1"]
[SourceVersionDate "2006.11.23"]
[SourceQuality "1"]

1. e4 Nf6 2. e5 Nd5 3. d4 d6 4. Nf3 dxe5 5. Nxe5 g6 6. Bc4 c6 7. Qf3 Be6 8. 0-0 Nd7 9. Re1 Bg7 10. Nxd7 Qxd7 11. c3 0-0 12. Bg5 h6 13. Bc1 Rae8 14. h3 b5 15. Bd3 Nb6 16. Bf4 Bd5 17. Qd1 Nc4 18. Nd2 Nxb2 19. Qc2 Nxd3 20. Qxd3 c5 21. Be5 Rd8 22. Bxg7 Kxg7 23. Qe3 cxd4 24. Qxd4+ f6 25. Qb4 e5 26. Nb3 Rc8 27. Rac1 Rc4 28. Qa3 Rfc8 29. Nd2 Ra4 0-1

[Event "Goch op 15th"]
[Site "Goch"]
[Date "2004.10.03"]
[Round "7"]
[White "Gorissen, Hubert"]
[Black "Kohtz, Andreas"]
[Result "1-0"]
[WhiteElo "1993"]
[BlackElo "2090"]
[PlyCount "57"]
[EventDate "2004.09.30"]
[EventType "swiss"]
[EventRounds "7"]
[EventCountry "GER"]
[SourceTitle "EXT 2006"]
[Source "ChessBase"]
[SourceDate "2005.11.24"]
[SourceVersion "1"]
[SourceVersionDate "2005.11.24"]
[SourceQuality "1"]

1. e4 Nf6 2. e5 Nd5 3. d4 d6 4. exd6 cxd6 5. c4 Nf6 6. Nf3 g6 7. Nc3 Bg7 8. Be2 0-0 9. 0-0 d5 10. b3 Nc6 11. h3 Bf5 12. Bf4 Rc8 13. Rc1 Qa5 14. g4 Be6 15. Ng5 Bd7 16. Nf3 Rfd8 17. c5 Re8 18. a3 Nxd4 19. Qxd4 Ne4 20. Be5 Nxc3 21. Qxc3 Qxc3 22. Rxc3 f6 23. Bg3 e5 24. Rd1 d4 25. Rcc1 f5 26. Bc4+ Kh8 27. Ng5 Bh6 28. Nf7+ Kg7 29. g5 1-0

[Event "Goch op 15th"]
[Site "Goch"]
[Date "2004.10.02"]
[Round "5"]
[White "Sailer, Douglas"]
[Black "Kohtz, Andreas"]
[Result "1/2-1/2"]
[WhiteElo "2224"]
[BlackElo "2090"]
[PlyCount "46"]
[EventDate "2004.09.30"]
[EventType "swiss"]
[EventRounds "7"]
[EventCountry "GER"]
[SourceTitle "EXT 2006"]
[Source "ChessBase"]
[SourceDate "2005.11.24"]
[SourceVersion "1"]
[SourceVersionDate "2005.11.24"]
[SourceQuality "1"]

1. e4 Nf6 2. e5 Nd5 3. d4 d6 4. Nf3 dxe5 5. Nxe5 g6 6. Bc4 c6 7. 0-0 Bg7 8. Qe2 0-0 9. c3 Bf5 10. Re1 Nd7 11. Na3 Nxe5 12. dxe5 Qd7 13. Bg5 h6 14. Bh4 Nf4 15. Qe3 Nd5 16. Qd2 Rad8 17. Rad1 g5 18. Bg3 Nf4 19. Bxf4 gxf4 20. Qc1 Qc7 21. Qxf4 Rxd1 22. Rxd1 Qxe5 23. Qxe5 Bxe5 1/2-1/2

[Event "Canarias en Red prel 5th"]
[Site "Playchess.com INT"]
[Date "2004.05.07"]
[Round "2"]
[White "Kohtz, Andreas"]
[Black "Hoffman, Alejandro"]
[Result "0-1"]
[WhiteElo "2129"]
[BlackElo "2454"]
[PlyCount "68"]
[EventDate "2004.05.07"]
[EventType "swiss (blitz)"]
[EventRounds "13"]
[EventCountry "GER"]
[SourceTitle "EXT 2005"]
[Source "ChessBase"]
[SourceDate "2004.11.15"]
[SourceVersion "1"]
[SourceVersionDate "2004.11.15"]
[SourceQuality "1"]

1. d4 Nf6 2. Nf3 c5 3. c3 Qc7 4. Bg5 Ne4 5. Bh4 d5 6. e3 e6 7. Bd3 Nc6 8. Nbd2 Nxd2 9. Qxd2 Bd6 10. Bg3 Bd7 11. 0-0 b6 12. Rfe1 0-0 13. Bxd6 Qxd6 14. e4 cxd4 15. cxd4 dxe4 16. Bxe4 Rfd8 17. Rac1 Rac8 18. Bb1 g6 19. Qe3 Be8 20. Ne5 Nxd4 21. Red1 Rxc1 22. Rxc1 f6 23. Nc4 Qd7 24. b3 Bf7 25. h3 b5 26. Nd2 e5 27. Ne4 Qe7 28. g4 f5 29. gxf5 gxf5 30. Ng5 f4 31. Bxh7+ Kg7 32. Qe4 Qxg5+ 33. Kh2 Bd5 34. Qxd4 Qg2# 0-1